| 000 | 00448nss a2200181 a 4500 | ||
|---|---|---|---|
| 003 | AR-X00000XY | ||
| 005 | 20251128212011.0 | ||
| 008 | 107020s1960 ||||||||||||||000 | spa|| | ||
| 040 | _cAR-X00000XY | ||
| 245 | 1 | 0 |
_aEl correo _buna ventana abierta sobre el mundo |
| 260 |
_aParis _c1960 _bUnesco |
||
| 300 | 0 |
_a34 p. _bil. |
|
| 310 | _aMensual | ||
| 655 | _aLITERATURA | ||
| 700 | 1 |
_aKoffler, Sandy _edirector |
|
| 942 | _cCR | ||
| 998 | _cmartin | ||
| 999 |
_c22003 _d22003 |
||